000 00960nas a2200337 4500
001 BR2012008739
003 BR-BrBNA
005 20231205121436.0
007 ta
008 230509b bl.|||p| |||| 00| 00por d
040 _aBR-BrBNA
_bpor
_cBiblioteca Nacional de Agricultura
041 _a(Pt)
072 _aF62
100 1 _aPereira, F.R. da
100 1 _aBrachtvogel, E.L.
100 1 _aCruz, S.C.S.
100 1 _aBicudo, S.J.
100 1 _aMachado, C.G.
100 1 _aPereira, J.C.
245 1 _aQualidade fisiológica de sementes de milho tratadas com molibdênio
650 _aMILHO
650 _aSEMENTE
650 _aMOLIBDÊNIO
650 _aGERMINAÇÃO
650 _aTEOR DE UMIDADE
650 _aMICRONUTRIENTE
650 _aHÍBRIDO
773 0 _tRevista Brasileira de Sementes (Brazil)
_xISSN 0101-3122
_g(Sep 2012), v. 34(3) p. 450-456
_wBR2012008739
909 _a202311
_bLúcia
_c55
_dLúcia Elande
942 _2AGRIS
_n0
_cANA
999 _c223594
_d223594